Le romancero populaire de la France (Record no. 57872)
[ view plain ]
| 000 -LEADER | |
|---|---|
| campo de control de longitud fija | 00589nam a2200157 i 4500 |
| 001 - NÚMERO DE CONTROL | |
| campo de control | 57872 |
| 003 - IDENTIFICADOR DE NÚMERO DE CONTROL | |
| campo de control | ES-MaACL |
| 007 - CAMPO FIJO DE DESCRIPCIÓN FÍSICA--INFORMACIÓN GENERAL | |
| campo de control de longitud fija | t| |
| 008 - DATOS DE LONGITUD FIJA--INFORMACIÓN GENERAL | |
| campo de control de longitud fija | 031020s1904 fr ||||1| fre d |
| 100 1# - ENTRADA PRINCIPAL--NOMBRE DE PERSONA | |
| Nombre de persona | Doncieux, George. |
| 9 (RLIN) | 45302 |
| 245 13 - MENCIÓN DEL TÍTULO | |
| Título | Le romancero populaire de la France |
| Resto del título | : choix de chansons populaires françaises / |
| Mención de responsabilidad, etc. | textes critiques par George Doncieux ; avec un avant-propos et un index musical par Julien Tiersot. |
| 260 ## - PUBLICACIÓN, DISTRIBUCIÓN, ETC. | |
| Lugar de publicación, distribución, etc. | París : |
| Nombre del editor, distribuidor, etc. | [s.n., |
| Fecha de publicación, distribución, etc. | 1904] ( |
| Lugar de fabricación/manufactura | Macon : |
| Fabricante | Protat Frères) |
| 300 ## - DESCRIPCIÓN FÍSICA | |
| Extensión | XLIV, 522 p. ; |
| Dimensiones | 25 cm. |
| 700 1# - ENTRADA AGREGADA--NOMBRE PERSONAL | |
| Nombre de persona | Tiersot, Julien. |
| 9 (RLIN) | 110238 |
| 852 ## - LOCALIZACIÓN | |
| Ubicación | ES-MaACL |
| Número de control de estantería | B-3930 |
| Estatus retirado | Estado de pérdida | Estado de daño | No para préstamo | Biblioteca de origen | Biblioteca actual | Ubicación en estantería | Fecha de adquisición | Fuente de adquisición | Total de préstamos | Signatura topográfica completa | Código de barras | Visto por última vez | Precio de reemplazo | Tipo de ítem Koha |
|---|---|---|---|---|---|---|---|---|---|---|---|---|---|---|
| Biblioteca del Ateneo de Madrid | Biblioteca del Ateneo de Madrid | Sala Pardo Bazán | 17/01/2008 | B-3930 | 1060742 | 23/02/2023 | 23/02/2023 | Libro impreso |
